Periodic Table of Elements Quiz - Statistics

General Stats
  • This quiz has been taken 336 times
    330 since last reset
  • The average score is 48 of 82
Answer Stats
Hint Answer % Correct
H Hydrogen
99%
He Helium
98%
c Carbon
96%
Li Lithium
96%
n Nitrogen
96%
o Oxygen
96%
Mg Magnesium
94%
Al Aluminium
93%
Be Beryllium
93%
b Boron
93%
fe Iron
92%
K Potassium
92%
Na Sodium
92%
Si Silicon
90%
Ca Calcium
89%
Cl Chlorine
89%
ne Neon
89%
Ar Argon
88%
F Flourine
88%
S Sulphur
88%
zn Zinc
88%
cu Copper
87%
P Phosphorus
87%
Ti Titanium
84%
co Cobalt
83%
ni Nickel
80%
Ga Gallium
78%
mn Manganese
78%
Cr Chromium
76%
Sc Scandium
76%
Ge Germanium
74%
V Vanadium
74%
As Arsenic
73%
Kr Krypton
73%
Br Bromine
71%
Au Gold
65%
Rb Rubidium
64%
Xe Xenon
63%
Ag Silver
61%
I Iodine
56%
Sn Tin
56%
Ba Barium
55%
Pb Lead
55%
Y Yttrium
55%
sr Strontium
54%
Zr Zirconium
51%
Cd Cadmium
48%
Fr Francium
48%
In Indium
48%
W Tungsten
48%
Hg Mercury
47%
Ra Radium
46%
Rn Radon
42%
Rh Rhodium
42%
Ir Iridium
41%
Sb Antimony
40%
Os Osmium
39%
Pd Palladium
39%
Pt Platinum
39%
Te Tellurium
39%
Mo Molybdenum
38%
Tc Technetium
38%
Cs Caesium
35%
Ce Selenium
35%
Hf Hafnium
34%
At Astatine
33%
Po Polonium
33%
Nb Niobium
32%
Rf Rutherfordium
32%
Re Rhenium
31%
Ru Ruthenium
31%
Ta Tantalum
26%
Db Dubnium
25%
Bh Bohrium
23%
Sg Seaborgium
23%
hs Hassium
21%
Mt Meitnerium
17%
Rg Roentgenium
15%
Tl Thalium
12%
Bi bismoth
7%
Ds Darnstatdium
0%
Uub Unubium
0%
No matching quizzes found
Score Distribution
Percent of People with Each Score
Percentile by Number Answered
Your Score History
You have not taken this quiz since the last reset